Southville International School and Colleges

Personality and Close Relationship Processes: (Record no. 346476)

000 -LEADER
fixed length control field 00324nam a2200109Ia 4500
008 - FIXED-LENGTH DATA ELEMENTS--GENERAL INFORMATION
fixed length control field 171204s9999 xx 000 0 und d
245 ## - TITLE STATEMENT
Title Personality and Close Relationship Processes:
245 ## - TITLE STATEMENT
Statement of responsibility, etc Stanley O. Gaines
260 ## - PUBLICATION, DISTRIBUTION, ETC. (IMPRINT)
Date of publication, distribution, etc 2016
650 ## - SUBJECT ADDED ENTRY--TOPICAL TERM
General subdivision PERSONALITY THEORIES
856 ## - ELECTRONIC LOCATION AND ACCESS
Uniform Resource Identifier http://down.ebook777.com/052/110710968X.pdf
Holdings
Current Location Date acquired Withdrawn status Price effective from Permanent Location Date last seen Koha item type Damaged status Lost status
College Library2017-12-04 2017-12-04College Library2017-12-04Curriculum - Based eBooks  
Powered by Koha